Quizzes
Events
Quiz Creation
Community
Videos
Private Events
Remove Ads
Sign In
Join for FREE
Feedback
Dark Mode
Quiz Categories
Sports
Geography
Music
Movies
Television
Just For Fun
Miscellaneous
History
Literature
Language
Science
Gaming
Entertainment
Religion
Holiday
For Kids
Quiz Lab
Recent
Popular Today
Quiz Kudos Today
Editor Picks
Curator Picks
Quizzes by...
Day
Popularity
Type
Ratings
Length
Year
Community
Subscriptions
Recent Discussions
Orange Saloon
Badges
Playlists
Quests
Create
Leaderboards
Showdown
Live 5
Trivia Bingo
Activity
Puzzle Library
Sporcle Events
Private Events
Virtual Trivia
Globe League
Become a Host
Pub Owners
SporcleCon
Opinionation
Our Games
Videos
Blog
Mobile Apps
Partnerships
Remove Ads and Go Orange
Feedback
Sports
Athletes
MLB
NBA
NHL
NFL
Soccer
Sports Teams
WWE
NCAA
Football
Premier League
Basketball
Baseball
Hockey
Golf
Tennis
Cricket
Rugby
Auto Racing
Olympics
World Cup
Sports
Athletes
MLB
NBA
NHL
NFL
Soccer
Sports Teams
WWE
NCAA
Football
Premier League
Basketball
Baseball
Hockey
Golf
Tennis
Cricket
Rugby
Auto Racing
Olympics
World Cup
Random Quiz
Search Sporcle
×
Curator Pick
Curator Pick
Sports
Football
Type in answers that appear in a list
Type in answers that appear in a list
Classic
Best Score? Go Orange.
NFL Week 1 Top Performers (2011) Stats
Can you name the top performers in each of these statistical categories from Week 1 of the 2011 NFL season?
By
steelnation86
7m
94 Questions
3,079 Plays
3,079 Plays
3,079 Plays
Comments
Comments
Give Quiz Kudos
Give Quiz Kudos
-
- Ratings
hide this ad
Replay
Link that replays current quiz
Next Quiz
Link to next quiz in quiz playlist
You Got
0%
They Got
Avg Score
35%
Avg Friend Score
Upgrade to see
Score Distribution
Jump to the score distribution portion of the page
Score
0/94
Timer
07:00
0
Plays Today
% Correct
Tom Brady
97.4%
Tom Brady
97.4%
Tom Brady
97.4%
Drew Brees
84.8%
Drew Brees
84.8%
Aaron Rodgers
83%
Aaron Rodgers
83%
Cam Newton
81.2%
Cam Newton
81.1%
Calvin Johnson
74.6%
Chad Henne
62.7%
Steve Smith
62.7%
Chad Henne
62.7%
Steve Smith
62.6%
Fred Jackson
62.6%
Steve Smith
62.6%
Steven Jackson
62.5%
Alex Smith
62.2%
D'Qwell Jackson
62.2%
Justin Smith
62.1%
Wes Welker
58.4%
Wes Welker
58.4%
Wes Welker
58.3%
Jacoby Jones
56.8%
Reshad Jones
56.7%
Ryan Fitzpatrick
55.9%
Ryan Fitzpatrick
55.9%
Eli Manning
53.7%
Patrick Peterson
52.5%
Ray Rice
51.1%
Tony Romo
50.8%
LeSean McCoy
49.2%
% Correct
LeSean McCoy
49.2%
Darren McFadden
47.4%
Joe Flacco
47.2%
Matthew Stafford
46.9%
Matthew Stafford
46.9%
Mario Williams
44.9%
Felix Jones
40.6%
Reggie Bush
35%
Ted Ginn, Jr.
34.9%
Ted Ginn, Jr.
34.8%
Maurice Jones-Drew
33.6%
Brandon Marshall
31.6%
Ben Tate
30.7%
Ben Tate
30.6%
Randall Cobb
29.4%
Kevin Kolb
29.1%
Mike Tolbert
28%
Mike Tolbert
28%
Mike Tolbert
28%
Roddy White
26.7%
BenJarvus Green-Ellis
25%
Cedric Benson
23.8%
Cedric Benson
23.8%
Ahmad Bradshaw
22.7%
DeMarcus Ware
22.5%
Derrick Ward
21.8%
Darren Sproles
21.8%
Tim Hightower
20.8%
Mike Thomas
19.9%
Percy Harvin
19.7%
Sebastian Janikowski
19.5%
Kenny Britt
18.7%
% Correct
Kenny Britt
18.7%
Jason Campbell
18.2%
Antonio Gates
18%
Mike Wallace
16.2%
James Starks
16%
Beanie Wells
16%
Hakeem Nicks
15.9%
Terrell Suggs
14.5%
David Akers
14.2%
C.J. Spiller
10.8%
Julius Peppers
10.1%
Earnest Graham
9.9%
Scott Chandler
9.1%
Eric Decker
8%
Robbie Gould
6.8%
John Kuhn
5.9%
Jason Babin
4.9%
Jason Pierre-Paul
4.9%
Sean Lee
4.5%
John Abraham
3.5%
Richard Seymour
3.1%
Lawrence Timmons
2.5%
Henry Melton
2.1%
Barrett Ruud
1.8%
Desmond Bishop
1.7%
Josh Scobee
1.7%
Morgan Burnett
1.6%
Pat Angerer
1.4%
Chris Neild
0.6%
Parys Haralson
0.6%
Quiz Playlist
Details
Report
Send in Message
Add To Playlist
Classic:
Type in answers that appear in a list
Quiz Source
Last Updated: Feb 16, 2017
Curator Pick in
NFL
Quiz Scoreboard
CHALLENGE
Sign Up to Join the Scoreboard
Show All
Scores
Hide
Comments
May contain spoilers
Recently Published
Decade Duel: World Leaders
by jenniferyan
History
4m
Alphabetical 'K' Countries by Flag Minefield
by ylime102
Geography
3m
Pick 6: Fruits
by JohnFran
Miscellaneous
15s
More to Explore
Quiz From the Vault
Featured Blog Post
15 Basketball Trivia Facts You Can Be March Mad About
hide this ad
You Might Also Like...
Tags
Football Quiz
NFL Quiz
Passing Leaders
Receiving Leaders
Receiving Yards
Rushing Leaders
Sack Leaders
tackle
TD Leaders
Touchdown
Week 1
Today's Top Quizzes in Sports
Browse Sports
hide this ad
Today's Top Quizzes in Football
Browse Football
Top Contributed Quizzes in Sports
1
Les joueurs à 100 buts en Ligue 1 Uber Eats
2
Pick 6: NFL Teams
3
2022 World Cup Stars
4
MLB 2 truths and a lie: Hall of Fame pitchers
5
Pick 6: Minor League Baseball
6
Millionaire: NBA Finals Edition
7
Click the 1998 NBA Draft
8
Criteria MLB: Left Handed Sluggers
9
Pick 6: Olympics
10
Pick 6: NFL WRs
Explore More
Trending Topics
Crossword
Kpop
Disney
Anime
Marvel
Harry Potter
NBA
Puzzle
Pokémon
WWE
Country
Song
NFL
Soccer
The Office
hide this ad
More By:
steelnation86
Quiz
Plays
Rating
Category
Featured
Created
Twice-Elected Presidents Minefield
313,586
4.24
History
Apr 6, 2012
NFL Super Bowl Winner or Not?
105,566
4.40
Sports
Dec 10, 2011
MLB All-Time Starting Nines By HR
103,930
4.58
Sports
Jul 25, 2012
NFL Top 100 Receivers (2011)
71,545
4.46
Sports
Jan 1, 2012
Most NFL Games with a Pass & Rush TD
64,672
4.58
Sports
Dec 15, 2013
Go to Creator's Profile
Score Distribution
Quiz Creator Spotlight
steelnation86
Follow
Send a Message
Quizzes Created
-
Created Quiz Play Count
-
More By This Creator
Popular Quizzes Today
1
Countries of Asia Without Outlines Minefield
2
Find the US States - No Outlines Minefield
3
Pick 6: Fruits
4
Alphabetical 'K' Countries by Flag Minefield
5
The Countries of the World
6
Find the Countries of Europe - No Outlines Minefield
7
Find the US States
8
US States
More Sports Quizzes
Simpsons Sports Quotes
Published
Trending Quizzes
Pick 6: Mountains
Pick 6: Harry Potter
Pick 6: Flags
Pick 6: NFL Teams
Pick 6: Movie Franchises
Recently Updated
Adaptations: Name the Title
pecheneg
NWSL Teams
pecheneg
Women's Final Four Teams by Year
bhenderson79
Presidents Quartet II
eogle
Anything But Clue(do)
eogle
Anything But Oceanian Capitals
eogle
Anything But 7
eogle
Anything But Thing
eogle
Word Ladder: February 29
pecheneg
Song Title Questions
pecheneg
Trending Topics
NBA
Kpop
Anime
Disney
Harry Potter
Marvel
Crossword
Soccer
The Office
WWE
Puzzle
Country
Pokémon
Song
NFL
Your Account Isn't Verified!
In order to create a playlist on Sporcle, you need to verify the email address you used during registration. Go to your
Sporcle Settings
to finish the process.
Report this User
Report this user for behavior that violates our
Community Guidelines
.
Details:
Send Report
Go to the Sporcle.com Mobile Site →
Comments